[Event "HUN-chT2 Maroczy 0910"]
[Site "Hungary"]
[Date "2010.01.31"]
[Round "5"]
[White "Bokros, Istvan"]
[Black "Monus, Zoltan"]
[Result "0-1"]
[WhiteElo "2189"]
[BlackElo "2097"]
[PlyCount "72"]
[EventDate "2009.11.08"]
[EventType "team-tourn"]
[EventRounds "11"]
[EventCountry "HUN"]
[SourceTitle "EXT 2011"]
[Source "ChessBase"]
[SourceDate "2010.11.26"]
[SourceVersion "1"]
[SourceVersionDate "2010.11.26"]
[SourceQuality "1"]
[WhiteTeam "Penzugyor II"]
[BlackTeam "Oroshaza"]
[WhiteTeamCountry "HUN"]
[BlackTeamCountry "HUN"]

1. e4 e6 2. d4 d5 3. Nc3 Bb4 4. e5 c5 5. a3 Bxc3+ 6. bxc3 Ne7 7. Nf3 Bd7 8. h4 Ba4 9. h5 h6 10. Rb1 Qc7 11. Bd3 c4 12. Bf1 Nbc6 13. g3 0-0-0 14. Bh3 Kb8 15. 0-0 Qd7 16. Bf4 g5 17. Bd2 Ng8 18. Re1 Re8 19. Nh2 f5 20. g4 f4 21. Nf3 Ka8 22. Rb2 Rb8 23. Kg2 Nge7 24. Ng1 b5 25. Qf3 a5 26. Ne2 Nc8 27. Ra1 Qh7 28. Raa2 Qe4 29. Nc1 Rb7 30. Nb3 cxb3 31. cxb3 Bxb3 32. Rxb3 a4 33. Rbb2 Na5 34. Qxe4 dxe4 35. Bc1 Ne7 36. Re2 f3+ 0-1

[Event "HUN-chT2 Maroczy 0910"]
[Site "Hungary"]
[Date "2009.12.20"]
[Round "4"]
[White "Kis, Bela"]
[Black "Monus, Zoltan"]
[Result "1-0"]
[WhiteElo "2163"]
[BlackElo "2097"]
[PlyCount "97"]
[EventDate "2009.11.08"]
[EventType "team-tourn"]
[EventRounds "11"]
[EventCountry "HUN"]
[SourceTitle "EXT 2011"]
[Source "ChessBase"]
[SourceDate "2010.11.26"]
[SourceVersion "1"]
[SourceVersionDate "2010.11.26"]
[SourceQuality "1"]
[WhiteTeam "Vasas"]
[BlackTeam "Oroshaza"]
[WhiteTeamCountry "HUN"]
[BlackTeamCountry "HUN"]

1. e4 d6 2. d4 Nf6 3. Nc3 e5 4. dxe5 dxe5 5. Qxd8+ Kxd8 6. Bc4 Ke8 7. Nf3 Bd6 8. Bg5 Nbd7 9. 0-0-0 a6 10. Rd2 b5 11. Bb3 Bb7 12. Rhd1 Nxe4 13. Nxe4 Bxe4 14. Nxe5 Nxe5 15. Re1 f6 16. Bh4 Bg6 17. f4 Kf8 18. fxe5 Bxe5 19. Bf2 Bf7 20. Rd7 Bxb3 21. Bc5+ Kg8 22. axb3 h5 23. Bd4 Bd6 24. c4 Rh6 25. g3 Rc8 26. Re6 h4 27. Be3 Rg6 28. gxh4 bxc4 29. bxc4 Rg4 30. c5 Be5 31. h5 Rb8 32. b3 Re4 33. Ree7 f5 34. Rxe5 Rxe5 35. Bd4 Re4 36. Rxg7+ Kf8 37. Bf6 Rg4 38. Rxc7 Rxb3 39. h6 Rh3 40. h7 Rg1+ 41. Kd2 Rg2+ 42. Ke1 Rgxh2 43. h8Q+ Rxh8 44. Rc8+ Kf7 45. Bxh8 Ke6 46. Bd4 Kd5 47. Bf2 f4 48. Rf8 Ke4 49. c6 1-0

[Event "HUN-chT2 Maroczy 0809"]
[Site "Hungary"]
[Date "2009.04.19"]
[Round "11"]
[White "Repasi, Zoltan Jr"]
[Black "Monus, Zoltan"]
[Result "1-0"]
[WhiteElo "2141"]
[BlackElo "2141"]
[PlyCount "69"]
[EventDate "2008.10.26"]
[EventType "team-tourn"]
[EventRounds "11"]
[EventCountry "HUN"]
[SourceTitle "EXT 2010"]
[Source "ChessBase"]
[SourceDate "2010.11.25"]
[SourceVersion "1"]
[SourceVersionDate "2010.11.25"]
[SourceQuality "1"]
[WhiteTeam "Dunaharaszti"]
[BlackTeam "Oroshaza"]
[WhiteTeamCountry "HUN"]
[BlackTeamCountry "HUN"]

1. d4 Nf6 2. Nf3 d6 3. c4 Bf5 4. Nc3 g6 5. h3 Bg7 6. g4 Bc8 7. e4 c5 8. d5 h5 9. g5 Nfd7 10. Bd3 Bxc3+ 11. bxc3 Qa5 12. 0-0 Ne5 13. Nxe5 dxe5 14. Kg2 Nd7 15. Qc2 a6 16. a4 0-0 17. f4 Qc7 18. Qf2 a5 19. Be2 Ra6 20. Rb1 f5 21. exf5 Rxf5 22. Bd3 Rf7 23. Qg3 Kg7 24. Rb2 e4 25. Bxe4 Nb6 26. Qd3 Bf5 27. Re2 Nxa4 28. Bxf5 gxf5 29. Rfe1 Rg6 30. Re6 Nb6 31. Rxg6+ Kxg6 32. Re6+ Kg7 33. Qe2 Kf8 34. Qxh5 Ke8 35. g6 1-0

[Event "HUN-chT2 Maroczy 0809"]
[Site "Hungary"]
[Date "2009.02.22"]
[Round "8"]
[White "Lukacs, Daniel"]
[Black "Monus, Zoltan"]
[Result "0-1"]
[WhiteElo "2101"]
[BlackElo "2141"]
[PlyCount "82"]
[EventDate "2008.10.26"]
[EventType "team-tourn"]
[EventRounds "11"]
[EventCountry "HUN"]
[SourceTitle "EXT 2010"]
[Source "ChessBase"]
[SourceDate "2010.11.25"]
[SourceVersion "1"]
[SourceVersionDate "2010.11.25"]
[SourceQuality "1"]
[WhiteTeam "Husi"]
[BlackTeam "Oroshaza"]
[WhiteTeamCountry "HUN"]
[BlackTeamCountry "HUN"]

1. d4 Nf6 2. c4 d6 3. Nc3 e5 4. d5 Nbd7 5. e4 Nc5 6. f3 a5 7. b3 Be7 8. Be3 0-0 9. Nge2 Nh5 10. g4 Bh4+ 11. Kd2 Nf4 12. Nxf4 exf4 13. Bxf4 g6 14. Kc2 Bf6 15. Qd2 Na6 16. a3 Nc5 17. a4 Na6 18. Be3 Nb4+ 19. Kb2 c6 20. dxc6 bxc6 21. Rd1 Be6 22. Bd4 Rb8 23. Qe3 Bxd4 24. Qxd4 Qc8 25. Na2 Qb7 26. Qc3 Na6 27. Kc2 Nc5 28. Nc1 d5 29. Be2 dxe4 30. h4 exf3 31. Bxf3 Rfe8 32. h5 Nxa4 33. Qxa5 Nb6 34. Qc3 Nxc4 35. hxg6 fxg6 36. bxc4 Qb1+ 37. Kd2 Rb2+ 38. Ke3 Bxg4+ 39. Kf4 Qf5+ 40. Kg3 Bxf3 41. Qxb2 Qg4+ 0-1